| 000 | 00506nam a22001577a 4500 | ||
|---|---|---|---|
| 003 | NUST | ||
| 082 | _a200 | ||
| 100 |
_aJawaid, Shagufta _9106519 |
||
| 245 |
_aPhased Amplitude Matched Hybrid RF-Manifold for X-Band AESA Radar/ _cShagufta Jawaid |
||
| 264 |
_aIslamabad : _bSEECS, NUST, _c2022. |
||
| 300 | _a95 p. ; | ||
| 650 |
_aMS-Electrical Engineering _923567 |
||
| 700 |
_aSupervisor: Dr. Hammad M. Cheema _996905 |
||
| 856 | _uhttp://10.250.8.41:8080/xmlui/handle/123456789/31897 | ||
| 942 |
_2ddc _cSC |
||
| 999 |
_c592876 _d592876 |
||